000 00611nam a2200205 a 4500
005 20140310183437.0
008 080205s19uu xx 00 eng d
020 _a9780470027677
050 _aHF 5718
_b.St78 2008
100 _aStuart, Bonnye E.
245 _aIntegrated business communication in a global marketplace /
_cBonnye E. Stuart
260 _aEngland :
_bJohn Wiley & Sons, Ltd,
_c2007.
300 _a426 p. :
_bill. ;
_c24 cm.
521 _aBSBA
650 _aBusiness communication.
700 _aSarow, Marilyn S.
700 _aStuart, Laurence
942 _cBK
_2lcc
_kFOR
999 _c22963
_d22963